Mentes y máquinas / (Record no. 147051)

MARC details
000 -LEADER
campo de control de longitud fija 00835nam a2200277 i 4500
001 - NÚMERO DE CONTROL
campo de control 147051
003 - IDENTIFICADOR DE NÚMERO DE CONTROL
campo de control ES-MaACL
005 - FECHA Y HORA DE LA ÚLTIMA TRANSACCIÓN
campo de control 20260216063021.0
007 - CAMPO FIJO DE DESCRIPCIÓN FÍSICA--INFORMACIÓN GENERAL
campo de control de longitud fija t|
008 - DATOS DE LONGITUD FIJA--INFORMACIÓN GENERAL
campo de control de longitud fija 070920s1985 sp ||||1| spa d
020 ## - NÚMERO INTERNACIONAL ESTÁNDAR DEL LIBRO
Número Internacional Estándar del Libro 84-309-1142-1
080 ## - NÚMERO DE LA CLASIFICACIÓN DECIMAL UNIVERSAL
Número de la Clasificación Decimal Universal 007
080 ## - NÚMERO DE LA CLASIFICACIÓN DECIMAL UNIVERSAL
Número de la Clasificación Decimal Universal 159.9.016.5
100 1# - ENTRADA PRINCIPAL--NOMBRE DE PERSONA
Nombre de persona Turing, Alan Mathison
9 (RLIN) 140034
245 10 - MENCIÓN DEL TÍTULO
Título Mentes y máquinas /
Mención de responsabilidad, etc. A.M. Turing, H. Putnam, D. Davidson.
260 ## - PUBLICACIÓN, DISTRIBUCIÓN, ETC.
Lugar de publicación, distribución, etc. Madrid :
Nombre del editor, distribuidor, etc. Tecnos,
Fecha de publicación, distribución, etc. 1985.
300 ## - DESCRIPCIÓN FÍSICA
Extensión 126 p. ;
Dimensiones 18 cm.
490 1# - MENCIÓN DE SERIE
Mención de serie Cuadernos de Filosofía y Ensayo
650 14 - PUNTO DE ACCESO ADICIONAL DE MATERIA--TÉRMINO DE MATERIA
Término de materia o nombre geográfico como elemento de entrada Inteligencia.
9 (RLIN) 13860
650 17 - PUNTO DE ACCESO ADICIONAL DE MATERIA--TÉRMINO DE MATERIA
Término de materia o nombre geográfico como elemento de entrada Funcionalismo (Psicología)
Fuente del encabezamiento o término embne
9 (RLIN) 13008
700 1# - ENTRADA AGREGADA--NOMBRE PERSONAL
Nombre de persona Putnam, Hilary.
9 (RLIN) 94434
700 1# - ENTRADA AGREGADA--NOMBRE PERSONAL
Nombre de persona Davidson, Donald.
9 (RLIN) 42896
830 0# - PUNTO DE ACCESO ADICIONAL DE SERIE-TÍTULO UNIFORME
Título uniforme Cuadernos de Filosofía y Ensayo
9 (RLIN) 179716
852 ## - LOCALIZACIÓN
Ubicación ES-MaACL
Número de control de estantería L-6273
Sublocalización o colección R.109270
Holdings
Estatus retirado Estado de pérdida Estado de daño No para préstamo Biblioteca de origen Biblioteca actual Ubicación en estantería Fecha de adquisición Fuente de adquisición Total de préstamos Signatura topográfica completa Código de barras Visto por última vez Precio de reemplazo Tipo de ítem Koha
        Biblioteca del Ateneo de Madrid Biblioteca del Ateneo de Madrid Depósito 2 17/01/2008     L-6273 1153464 23/02/2023 23/02/2023 Libro impreso